000 00217nam a22000977a 4500
008 160512b xxu||||| |||| 00| 0 eng d
041 _aeng
080 _a612.39
245 _aAnalizat kimike te ujerave:
942 _2udc
_cBK
999 _c2103
_d2103